000 00767nam a2200265Ia 4500
003 OSt
005 20220924130310.0
006 a|||||r|||| 00| 0
007 ta
008 220923b |||||||| |||| 00| 0 per d
020 _a9789643804688 (pbk)
020 _cINR 400.00
024 _a353808
037 _b2361, 12/02/2020, M.R. Publications
_cTextual
040 _aARTS
_cARTS
_bper
041 _2per
_aper
082 _aO164,6x, Q0
100 _aBabai Khaleel Au.
_9199843
245 0 _aBin bast baaz
260 _aTehran
_bSeless pub. Iran
_c2010
300 _a261p.
_ccm.
650 _aPERSIAN PROSE
_9997
942 _hO164,6x, Q0
_cTEXL
_2CC
999 _c424440
_d424440